The Evolution of CITES : (Registro nro. 5140)

Detalles MARC
000 -CABECERA
Campo de control 00723nam a2200229 a 4500
005 - FECHA Y HORA DE LA ULTIMA TRANSACCION
Campo de control 20200104041556.0
008 - ELEMENTOS DE LONGITUD FIJA—INFORMACION GENERAL
Campo de control 140318t2003 sz fr|||| 001 0 eng d
020 ## - ISBN
ISBN 2883230196
040 ## - FUENTE DE CATALOGACIÓN
Agencia catalogadora original CO-BoIAVH
Agencia transcriptora CO-BoIAVH
041 0# - IDIOMA
Código de idioma para texto/pista de sonido o título separado Inglés
044 ## - PAÍS DE PUBLICACIÓN
País de publicación Suiza
082 04 - NUMERO DE CLASIFICACION DECIMAL DEWEY
Número de clasificación W66e
Número del ítem 578.68
100 1# - ASIENTO PRINCIPAL--NOMBRE PERSONAL
Nombre personal Wijnstekers, Willen
9 (RLIN) 22665
245 14 - MENCION DE TITULO
Título The Evolution of CITES :
Parte restante del título Convention on International Trade in Endangered Species of Wild Fauna and Flora
250 ## - MENCION DE EDICION
Mención de edición Séptima edición
260 ## - PUBLICACION, DISTRIBUCION, ETC. (PIE DE IMPRENTA)
Lugar de publicación, distribución, etc. Suiza :
Nombre del editor, distribuidor, etc. CITES,
Fecha de publicación, distribución, etc. c2003.
300 ## - DESCRIPCION FISICA
Extensión 588 páginas ;
Dimensiones 24 x 16 cm.
650 #6 - ASIENTO SECUNDARIO DE MATERIA - TERMINO TEMATICO
Término temático o nombre geográfico como elemento de entrada Clasificación de especies
9 (RLIN) 4945
650 #6 - ASIENTO SECUNDARIO DE MATERIA - TERMINO TEMATICO
Término temático o nombre geográfico como elemento de entrada Comercio de especies silvestres
9 (RLIN) 4725
650 #6 - ASIENTO SECUNDARIO DE MATERIA - TERMINO TEMATICO
Término temático o nombre geográfico como elemento de entrada Especies amenazadas
9 (RLIN) 157
942 ## - ELEMENTOS ADICIONALES (KOHA)
Tipo de ítem Libro
Sistema de clasificación Dewey Decimal Classification
Existencias
Withdrawn status Lost status Sistema de Clasificación Damaged status No para préstamo Colección Inventariado Ubicación Permanente Ubicación actual Fecha de adquisición Fuente de Valor Valor Total Checkouts Número topográfico Inventario / Código de Barras Date last seen Ejemplar Price effective from Forma de adquisición Tipo de material
    Dewey Decimal Classification     General Inventariado 2017 Bogotá Bogotá 11/01/2006 Instituto 39000.00   LB- 578.68 W66e 016961 04/12/2012 Ej. 1 04/12/2012   Libro